| 000 | 00574nam a2200229Ia 4500 | ||
|---|---|---|---|
| 003 | OSt | ||
| 005 | 20221005122439.0 | ||
| 006 | a|||||r|||| 00| 0 | ||
| 007 | ta | ||
| 008 | 221004b |||||||| |||| 00| 0 eng d | ||
| 024 | _a65514 | ||
| 037 | _cTextual | ||
| 040 |
_aCRL _cCRL _beng |
||
| 041 |
_2eng _aeng |
||
| 082 | _aV491:4:M4, A | ||
| 100 |
_aSale Lady _9632011 |
||
| 245 | 0 | _aJournal of the disasters in Afghanistan (1841-42) | |
| 260 | _c1870 | ||
| 650 | _aHISTORY | ||
| 942 |
_hV491:4:M4, A _cTEXL _2cc |
||
| 999 |
_c1044327 _d1044327 |
||